000 00354nam a22001577a 4500
003 MPLRDC
005 20220104114655.0
008 210129b ||||| |||| 00| 0 eng d
082 _a292.1 LKY
100 _a李康佑编著
245 _a现代易占入门
_c
260 _a
_b华安出版社
_c
300 _b
650 _a
942 _cBK
_o292.1 LKY
999 _c9322
_d9312